Statistics with mathematica (Record no. 58397)

MARC details
000 -LEADER
fixed length control field 00626nam a2200157 a 4500
008 - FIXED-LENGTH DATA ELEMENTS--GENERAL INFORMATION
fixed length control field 160512c19999999||||||||||||||||| || u
020 ## - INTERNATIONAL STANDARD BOOK NUMBER
International Standard Book Number 0120415550
050 ## - LIBRARY OF CONGRESS CALL NUMBER
Classification number CDQA 276.4 ABE
100 ## - MAIN ENTRY--PERSONAL NAME
Personal name Abell, Martha L
245 10 - TITLE STATEMENT
Title Statistics with mathematica
Statement of responsibility, etc. by Martha L. Abell, James P. Braselton and John A. Rafter
Medium [cd-rom]
260 ## - PUBLICATION, DISTRIBUTION, ETC.
Place of publication, distribution, etc. San Diego:
Name of publisher, distributor, etc. Academic Press
Date of publication, distribution, etc. 1999
300 ## - PHYSICAL DESCRIPTION
Extent 4 3/4 in.
650 #0 - SUBJECT ADDED ENTRY--TOPICAL TERM
Topical term or geographic name entry element MATHEMATICAL STATISTICS--DATA PROCESSING
650 ## - SUBJECT ADDED ENTRY--TOPICAL TERM
Topical term or geographic name entry element MATHEMATICA (COMPUTER FILE)
995 ## - RECOMMENDATION 995 [LOCAL, UNIMARC FRANCE]
-- CBU-MAIN LIBRARY (Kitwe)
-- 1
-- AVAILABLE
-- May 12, 2016
-- e-Media Collection
Holdings
Withdrawn status Lost status Source of classification or shelving scheme Damaged status Not for loan Home library Current library Shelving location Date acquired Total Checkouts Full call number Barcode Date last seen Price effective from Koha item type
          CBU-MAIN LIBRARY, KITWE. CBU-MAIN LIBRARY, KITWE.   11/30/2022   CDQA 276.4 ABE 20141029 11/30/2022 11/30/2022 MONOGRAPH